Statistics for The Indigenous Groups of Mexico with 20k+ people.

Click here to take the quiz!

General Stats

  • This quiz has been taken 32 times
  • The average score is 6 of 32

Answer Stats

PopulationIndegenous Group% Correct
1,475,575Maya
96%
2,445,969Nahua
75%
726,601Mixtec
58%
777,253Zapotec
50%
168,935Mixe
33%
23,411Yaqui
29%
726,601Otomi
25%
202,884Purepecha
25%
411,266Totonac
25%
305,836Mazatec
21%
121,835Tarahumara
21%
406,962Tzotzil
21%
296,447Huastec
17%
43,929Huichol
17%
326,660Mazahua
17%
384,074Tzeltal
17%
91,261Mayo
13%
37,548Tepehuan
13%
29,018Triqui
13%
86,589Zoque
13%
201,201Chinantec
8%
79,438Chontal Maya
8%
24,390Cora
8%
140,254Tlapanec
8%
57,666Amuzgo
4%
20,528Huave
4%
86,696*Popoluca|Popoloca
4%
60,003Chatino
0%
220,978Chʼol
0%
22,984Cuicatec
0%
23,812Mame
0%
54,505Tojolabal
0%

Score Distribution

Percentile by Number Answered

Percent of People with Each Score

Your Score History

You have not taken this quiz